Teatro / (Record no. 9412)
[ view plain ]
| 000 -CABECERA | |
|---|---|
| campo de control de longitud fija | 00831cam a2200217 a 4500 |
| 001 - NÚMERO DE CONTROL | |
| campo de control | 000009652 |
| 005 - FECHA Y HORA DE LA ÚLTIMA TRANSACCIÓN | |
| campo de control | 20200929161646.0 |
| 008 - DATOS DE LONGITUD FIJA--INFORMACIÓN GENERAL | |
| campo de control de longitud fija | 870717s1992 pr 000 d spa d |
| 020 ## - NÚMERO INTERNACIONAL ESTÁNDAR DEL LIBRO | |
| Número Internacional Estándar del Libro | 086581418X |
| 040 ## - FUENTE DE LA CATALOGACIÓN | |
| Centro catalogador/agencia de origen | DO-SdBNP |
| Lengua de catalogación | spa |
| Centro/agencia transcriptor | DLC |
| Centro/agencia modificador | BNPHU |
| 082 ## - NÚMERO DE LA CLASIFICACIÓN DECIMAL DEWEY | |
| Número de clasificación | PR862.44 |
| Número de documento/Ítem | S232t |
| 100 1# - ENTRADA PRINCIPAL--NOMBRE DE PERSONA | |
| Nombre de persona | Santaliz Avila, Pedro, |
| Fechas asociadas al nombre | 1938- |
| 9 (RLIN) | 24531 |
| 240 10 - TÍTULO UNIFORME | |
| Título uniforme | Selections. |
| Lenguaje de la obra | Español |
| Fecha de publicación/de la obra | 1992 |
| 245 10 - MENCIÓN DE TÍTULO | |
| Título | Teatro / |
| Mención de responsabilidad, etc. | Pedro Santaliz Avila. |
| 260 ## - PUBLICACIÓN, DISTRIBUCIÓN, ETC. | |
| Lugar de publicación, distribución, etc. | San Juan,(Puerto Rico) : |
| Nombre del editor, distribuidor, etc. | Instituto de Cultura Puertorriquena, |
| Fecha de publicación, distribución, etc. | 1992. |
| 300 ## - DESCRIPCIÓN FÍSICA | |
| Extensión | 272 p. ; |
| Dimensiones | 23 cm. |
| 505 0# - NOTA DE CONTENIDO CON FORMATO | |
| Nota de contenido con formato | Olla -- El castillo interior de Medea Camuñas -- Las sombras del chisme, o, la historia de Evaristo y Matera -- El teatro personal de Meaíto Laracuente. |
| 650 #4 - PUNTO DE ACCESO ADICIONAL DE MATERIA--TÉRMINO DE MATERIA | |
| Término de materia o nombre geográfico como elemento de entrada | Teatro puertorriqueño |
| 9 (RLIN) | 4514 |
| 650 #4 - PUNTO DE ACCESO ADICIONAL DE MATERIA--TÉRMINO DE MATERIA | |
| Término de materia o nombre geográfico como elemento de entrada | Literatura puertorriqueña |
| 9 (RLIN) | 250 |
| 910 ## - DATOS DE OPCIÓN DEL USUARIO (OCLC) | |
| Datos de opción del usuario | Catalogación por copia / LC |
| Estado de retiro | Estado de pérdida | Restricciones de uso | No para préstamo | Código de colección | Localización permanente | Ubicación/localización actual | Ubicación en estantería | Fecha de adquisición | Número de inventario | Total de préstamos | Signatura topográfica completa | Código de barras | Fecha visto por última vez | Precio válido a partir de | Tipo de ítem Koha |
|---|---|---|---|---|---|---|---|---|---|---|---|---|---|---|---|
| Monografías: Libros y Folletos | General | General | En catalogación | 30.09.2009 | LF1 | PR862.44 S232t | 9652-10 | 25.06.2020 | 25.06.2020 | Préstamo en sala | |||||
| Monografías: Libros y Folletos | Patrimonio Dominicano | Patrimonio Dominicano | Orden iniciada | 01.05.2018 | LF1 | PR862.44 S232t | 9652-20 | 25.06.2020 | 25.06.2020 | No se presta |
